000 00228 a2200085 4500
020 _a9781840002393
100 _a Lesley Jackson
245 _aRobin and Lucienne Day: Pioneers of Contemporary Design
260 _bMitchell Beazley
_c2001
999 _c13639
_d13639